=LDR 00000nam 2200000 4500 =001 INLIS000000000002333 =005 20130612090659 =008 ***********************************Ind** =035 ##$$0010-061300000002333 =041 ##$$a Ind =082 ##$$a 959.8 =090 ##$$a 959.8, Ong r =100 ##$$a Onghokham =245 ##$$a Rakyatdan negara, oleh Onghokham =260 ##$$a 1983 $b Jakarta =300 ##$$a 180 hlm, 21 cm =650 ##$$a Indonesia =650 ##$$a Sejarah =850 ##$$a NBPNMAT